000 00358nam a2200145 i 4500
001 bg
100 1 _aKONIECZNY, S.
245 0 _aZbiór zadań z mechaniki budowli.
_nCz.1 /
_cS. Konieczny, B. Wichalak.
260 _aŁódź,
_c1986.
700 1 _aWICHALAK, B.
040 _cBPK
041 _apol
942 _cKS
008 s pl f |000 0 pol
999 _c3283
_d3283
856 _uhttp://koha.tu.koszalin.pl/cgi-bin/koha/opac-detail.pl?biblionumber=3283
_yKatalog online BPK